| 000 | 01368cam a2200277 i 4500 | ||
|---|---|---|---|
| 003 | SA-RiAUC | ||
| 005 | 20250313105140.0 | ||
| 008 | 250311q19001999xx g b f000 0bara c | ||
| 040 |
_aSA-MaMIU _bara _cSA-RiAUC _erda |
||
| 082 | 0 | 4 | _a922.58 |
| 090 |
_a922.58 _bا ب ن ق |
||
| 100 | 1 |
_aابن القاضي عياض، محمد بن عياض بن موسى، _dتوفي 575 هجري _eمؤلف. |
|
| 245 | 1 | 2 |
_aالتعريف بالقاضي عياض / _cأبو عبد الله محمد بن عياض بن موسى اليحصبي السبتي ؛ تقديم وتحقيق محمد بن شريفة. |
| 264 | 1 |
_a[مكان النشر غير محدد] : _bوزارة الأوقاف والشؤون الإسلامية والثقافية، _c[بين 1900 و1999] |
|
| 300 |
_a173 صفحة ؛ _c25 × 20 سم |
||
| 336 |
_aنص _btxt _2rdacontent _3كتاب |
||
| 337 |
_aبدون وسيط _bn _2rdamedia |
||
| 338 |
_aمجلد _bnc _2rdacarrier |
||
| 504 | _aببليوجرافية : صفحة 161. | ||
| 600 | 1 | 7 |
_aالقاضي عياض، عياض بن موسى بن عياض، _d476-544 هجري _2aucnm |
| 650 | 7 |
_aالفقهاء الأندلسيون _vتراجم _2aucsh |
|
| 650 | 7 |
_aالفقهاء المالكية _vتراجم _2aucsh |
|
| 700 | 1 |
_aبنشريفة، محمد، _d1932-2008 _eمقدم. |
|
| 942 |
_2ddc _cBOOK _n0 |
||
| 949 |
_aSA-JeALM _d250311 _umohamedma123 _n1 |
||
| 999 |
_c6379 _d6379 |
||